00781 a2200205 4500260001300000260001300013260001900026100002100045260003000066245020900096300002500305650003800330650004000368260001000408300001700418130000800435035001000443250001200453500011000465 aNew York aSt Louis aLondon [et al] aHUNTER, LLoyd P. bMc Graw-hill book company aHandbook of semiconductor electronics : a pratical manual covering the physics, technology, and applications of transistors, diodes, and other semiconductor devices in conventional and intefrated circuits a[Paginaton multiple] a a cc1970 bfig.; 24 cm  lEn. a14050 a3e éd aComprend des bibliographies à la fin de chaque chapitre etdes index auteur et sujet à la fin du vol.